000 01973cac a22003011u 4500
090 _c8657
008 090106t2008xxu||||| |||| 00| 0 eng d
010 _a2007281118
020 _a9781423901174
020 _a1423901177
082 _a658.0546
_bSTA
_222
100 _aStair, Ralph M.
245 1 0 _aFundamentals of Information Systems :
_bA Managerial Approach /
_cRalph M. Stair, George W. Reynolds.
250 _a4th ed.
_bInternational student Edition
260 _aBoston :
_bThomson Course Technology,
_cc2008.
300 _axxix, 451 p. :
_bcol. ill. ;
_c28 cm. +
_e1 CD-ROM (4 3/4 in.)
504 _aIncludes bibliographical references and index.
650 0 _aManagement information systems.
700 1 _aReynolds, George Walter,
_d1944-
942 _cBB
_k658.0546STA
_2ddc
999 _c8657
_d8657